MARC details
| 000 -LEADER |
| fixed length control field |
01494 a2200397 4500 |
| 001 - CONTROL NUMBER |
| control field |
66806 |
| 003 - CONTROL NUMBER IDENTIFIER |
| control field |
TR-AnTOB |
| 005 - DATE AND TIME OF LATEST TRANSACTION |
| control field |
20230607112631.0 |
| 008 - FIXED-LENGTH DATA ELEMENTS--GENERAL INFORMATION |
| fixed length control field |
720107s1971 enk 000 0 eng |
| 010 ## - LIBRARY OF CONGRESS CONTROL NUMBER |
| LC control number |
71877368 |
| 015 ## - NATIONAL BIBLIOGRAPHY NUMBER |
| National bibliography number |
B71-18376 |
| 020 ## - INTERNATIONAL STANDARD BOOK NUMBER |
| International Standard Book Number |
0902308432 |
| 035 ## - SYSTEM CONTROL NUMBER |
| System control number |
66806 |
| 040 ## - CATALOGING SOURCE |
| Original cataloging agency |
DLC |
| Transcribing agency |
DLC |
| Modifying agency |
DLC |
| 041 ## - LANGUAGE CODE |
| Language code of text/sound track or separate title |
İngilizce |
| Language code of original |
fre |
| 043 ## - GEOGRAPHIC AREA CODE |
| Geographic area code |
s-cl--- |
| 050 ## - LIBRARY OF CONGRESS CALL NUMBER |
| Classification number |
F3100 |
| Item number |
.D413 1971 |
| 090 ## - LOCALLY ASSIGNED LC-TYPE CALL NUMBER (OCLC); LOCAL CALL NUMBER (RLIN) |
| Classification number (OCLC) (R) ; Classification number, CALL (RLIN) (NR) |
F3100 .D413 1971 |
| 100 ## - MAIN ENTRY--PERSONAL NAME |
| Personal name |
Debray, Râegis |
| 9 (RLIN) |
40185 |
| 240 ## - UNIFORM TITLE |
| Uniform title |
Entretiens avec Allende sur la situation au Chili. |
| Language of a work |
English |
| 9 (RLIN) |
40191 |
| 245 #0 - TITLE STATEMENT |
| Title |
Conversations with Allende : |
| Remainder of title |
socialism in Chile; |
| Statement of responsibility, etc. |
[translated from the French and Spanish by Peter Beglan ; with introduction, notes and appendix translated from the French and Spanish by Ben Brewster, Marguerita Sanchez and Peter Gowan]. |
| 264 #1 - PRODUCTION, PUBLICATION, DISTRIBUTION, MANUFACTURE, AND COPYRIGHT NOTICE |
| Place of production, publication, distribution, manufacture |
London: |
| Name of producer, publisher, distributor, manufacturer |
N.L.B., |
| Date of production, publication, distribution, manufacture, or copyright notice |
1971. |
| 300 ## - PHYSICAL DESCRIPTION |
| Extent |
190 p. |
| Dimensions |
19 cm. |
| 500 ## - GENERAL NOTE |
| General note |
French edition published under title: Entretiens avec Allende sur la situation au Chili. |
| 651 #7 - SUBJECT ADDED ENTRY--GEOGRAPHIC NAME |
| Geographic name |
Şili |
| General subdivision |
Siyaset ve yönetim |
| Chronological subdivision |
1970-1973 |
| Source of heading or term |
etuturkob |
| 9 (RLIN) |
40190 |
|
| Geographic name |
Chile |
| General subdivision |
Politics and government |
| Chronological subdivision |
1970-1973 |
| 9 (RLIN) |
40189 |
| 700 ## - ADDED ENTRY--PERSONAL NAME |
| Personal name |
Beglan, Peter |
| 9 (RLIN) |
40186 |
|
| Personal name |
Brewster, Ben |
| 9 (RLIN) |
40187 |
|
| Personal name |
Allende Gossens, Salvador, |
| Dates associated with a name |
1908-1973 |
| 9 (RLIN) |
40188 |
| 901 ## - LOCAL DATA ELEMENT A, LDA (RLIN) |
| a |
0020721 |
| 902 ## - LOCAL DATA ELEMENT B, LDB (RLIN) |
| a |
CS |
| 906 ## - LOCAL DATA ELEMENT F, LDF (RLIN) |
| a |
7 |
| b |
cbc |
| c |
orignew |
| d |
3 |
| e |
ncip |
| f |
19 |
| g |
y-gencatlg |
| 991 ## - |
| -- |
c-GenColl |
| -- |
F3100 |
| -- |
.D413 |
| -- |
Copy 1 |
| -- |
BOOKS |
| 942 ## - ADDED ENTRY ELEMENTS (KOHA) |
| Koha item type |
Book |